Sobre las labores de Dios : Biología fantástica

Enregistré dans:
Détails bibliographiques
Auteur principal: Arias Mesén, Alejandra
Format: Livre
Langue:Undetermined
Publié: San José, Costa Rica Editorial Mirambell 2013
Sujets:
Tags: Ajouter un tag
Pas de tags, Soyez le premier à ajouter un tag!

MARC

LEADER 00000nam a2200000Ia 4500
008 170316s9999 xx 000 0 und d
040 |a cru BVZT 
090 |a 868 A-22s 
100 |a Arias Mesén, Alejandra  |9 412 
245 |a Sobre las labores de Dios : Biología fantástica  |c / Alejandra Arias Mesén 
260 |a San José, Costa Rica 
260 |b Editorial Mirambell 
260 |c 2013 
300 |a 76 páginas 
650 |a LITERATURA COSTARRICENSE  |9 17 
650 |a CUENTOS COSTARRICENSES  |9 413 
999 |c 10697  |d 10697 
942 |c 15 D  |h 868 A-22s  |2 z